Swiftlets of Borneo : builders of edible nests

Bibliographic Details
Main Author: LIM
Other Authors: Earl of Cranbrook
Format: Book
Published: Kota Kinabalu,Sabah : Natural History Pub. , 2002
Subjects:

MARC

LEADER 00000cam a2200000 7i4500
001 0000001993
005 20020730.0
020 0 0 |a 983812060X 
090 0 0 |a 598.762095983   |b LIM 2002 
100 1 0 |a LIM   |h Chan Koon 
245 1 0 |a Swiftlets of Borneo :   |b builders of edible nests   |c Lim Chan Koon and Earl of Cranbrook 
260 0 0 |a Kota Kinabalu,Sabah :   |b Natural History Pub. ,   |c 2002 
300 |a ix, 171 p. :   |b col. ill. ;   |c 23 cm. 
500 0 0 |a Includes bibliography : p. 158-160 and index 
650 0 0 |a Birds   |z Borneo 
650 0 0 |a Swifts   |z Borneo 
700 0 1 |a Earl of Cranbrook 
998 |a JPSM 
999 |a 0000003344   |b Monograph   |c Open Shelf   |e Default branch